ბათუმის შოთა რუსთაველის სახელმწიფო უნივერსიტეტის ბიბლიოთეკა

Макроэкономика (ბიბ.ჩანაწერი № 37073)

000 -LEADER
fixed length control field 00614nam a2200229Ia 4500
001 - CONTROL NUMBER
control field 3027
003 - CONTROL NUMBER IDENTIFIER
control field GE_BSU
008 - FIXED-LENGTH DATA ELEMENTS--GENERAL INFORMATION
fixed length control field 181216s||||||||xx |||||||||||||| ||und||
020 ## - INTERNATIONAL STANDARD BOOK NUMBER
International Standard Book Number 5887700106
040 ## - CATALOGING SOURCE
Transcribing agency GE_BSU
080 ## - UNIVERSAL DECIMAL CLASSIFICATION NUMBER
Universal Decimal Classification number 330.1
100 ## - MAIN ENTRY--PERSONAL NAME
Personal name Эдвин .Дж. Долан, Дейвид Е.Линдсей.
245 ## - TITLE STATEMENT
Title Макроэкономика
245 ## - TITLE STATEMENT
Statement of responsibility, etc. под. общ ред. Б. Лисовика и др.
260 ## - PUBLICATION, DISTRIBUTION, ETC.
Place of publication, distribution, etc. СПб
260 ## - PUBLICATION, DISTRIBUTION, ETC.
Name of publisher, distributor, etc. Литер Плюс
260 ## - PUBLICATION, DISTRIBUTION, ETC.
Date of publication, distribution, etc. 1997
300 ## - PHYSICAL DESCRIPTION
Extent 408 с. 20 см.
653 ## - INDEX TERM--UNCONTROLLED
Uncontrolled term Макроэкономика
942 ## - ADDED ENTRY ELEMENTS (KOHA)
Koha item type წიგნი
ეგზემპლარები
Withdrawn status Lost status Damaged status Not for loan Date acquired Barcode Date last seen Price effective from Koha item type Public note
        2018-12-17 7958 2018-12-17 2018-12-17 წიგნი დარბაზი
        2018-12-17 7959 2018-12-17 2018-12-17 წიგნი დარბაზი
        2018-12-17 8176 2018-12-17 2018-12-17 წიგნი დარბაზი
        2018-12-17 8177 2018-12-17 2018-12-17 წიგნი დარბაზი
        2018-12-17 8178 2018-12-17 2018-12-17 წიგნი დარბაზი